| 000 | 00469nam a2200169Ia 4500 | ||
|---|---|---|---|
| 008 | 090201s9999 xx 000 0 und d | ||
| 010 | _aKPL-49200 | ||
| 040 | _bमराठी | ||
| 041 | _aमराठी | ||
| 082 |
_a12017 _b49200 |
||
| 100 | _aविजया पांडे | ||
| 245 |
_a1990 _cविजया पांडे |
||
| 260 |
_c2004 _bमेनका प्रकाशन |
||
| 300 |
_a179 _bमोठा |
||
| 600 | _a1990 | ||
| 942 | _cBOOK | ||
| 999 |
_c212387 _d212387 |
||